01008nam a2200205 a 450000100100000000500170001000800410002704000250006808200160009311000320010924000180014124501310015926000620029030000210035250000730037370000430044695201760048995201200066599900170078500002724020200930030708.0100222s1950 dr 001 0 spa d aDO-SdBNPbspacBNPHU axxxxbR426c1 aRepública Dominicana944710a[leyes, etc.]10aCódigo de comercio de la República Dominicana :bleyes que lo modifican y completan /cedición Francisco A. Hernández. aCiudad Trujillo, República Dominicana :bStella,c1950. a188 p. ;c23 cm. aIncluye referencias bibliográficas y notas al pie de las páginas1 aHernández, Francisco A.,eed.919647 001050718RVaPDbPDcHDd2011-03-30iLF1l0oxxxx R426cp27240-10r2020-06-25w2020-06-25y1zPerteneció a la biblioteca personal de Julio Ortega Frier.ZNo se presta 001050718RVaPDbPDcCTd2011-08-23iLF1l0oxxxx R426cp27240-20r2020-06-25te. 2w2020-06-25y1ZNo se presta c26732d26732